| 000 | 00381nam a2200145 i 4500 | ||
|---|---|---|---|
| 001 | 24896 | ||
| 003 | ES-MaACL | ||
| 005 | 20230906153145.0 | ||
| 007 | t| | ||
| 008 | 021219s1949 sp ||||1| spa d | ||
| 245 | 0 | 0 | _aAntología poética universitaria. |
| 260 |
_aBarcelona : _b[s.n., _c1949] ( _fImp. Altés) |
||
| 300 |
_a55 p. ; _c17 cm. |
||
| 852 |
_aES-MaACL _j1905-F-2 _bR.29086 |
||
| 999 |
_c24896 _d24896 |
||